Score 0/21 Timer 02:00
3 Plays Today
Hint 4-Letter Word % Correct
A fiery place of eternal punismentHELL
97.1%
Leader of the Catholic churchPOPE
92.6%
A naturally raised area of landHILL
88.9%
To cry out loudlyYELL
88.1%
A complexion lacking colorPALE
87.9%
What bad children get from SantaCOAL
87.8%
Reality TV show that features police officersCOPS
86.3%
A slang term for fatherPOPS
85.5%
A story or narrativeTALE
84%
Flag-bearerPOLE
81.5%
A young horseFOAL
79.1%
Hint 4-Letter Word % Correct
A cash register or drawerTILL
77.4%
Shouted as a warning while golfingFORE
77.4%
BovinesCOWS
75.9%
Light froth on the surface of a liquidFOAM
73.6%
A thin square or rectangular building materialTILE
72.3%
The very centerCORE
72.1%
The shape and structure of somethingFORM
68.5%
Where the heart isHOME
67.3%
A long hooded cloakCOWL
66.2%
To move toward somethingCOME
58.7%

Today's Daily Dose

You're not logged in!

Compare scores with friends on all Sporcle quizzes.
OR
Log In

Sporcle TV

Today on Sporcle TV


Watch our educational content, quiz creation guides, and fun videos on Sporcle TV.

Show Comments

Extras

Top Quizzes Today


Score Distribution

Paid Content

Your Account Isn't Verified!

In order to create a playlist on Sporcle, you need to verify the email address you used during registration. Go to your Sporcle Settings to finish the process.

Report this User

Report this user for behavior that violates our Community Guidelines.

Details: